| 000 | 01012nam a2200241Ia 4500 | ||
|---|---|---|---|
| 003 | GCL | ||
| 008 | 140319s9999 xx 000 0 ara d | ||
| 020 | _a1082345977 | ||
| 040 |
_aGCL / _cGCL |
||
| 082 | 0 | 4 |
_a005.74 _bل ا |
| 100 | 1 | _aكيفن لونى | |
| 245 | 1 | 0 |
_aاوراكل 8 آى لمديري قواعد البيانات : _bتعرف على سبل الادارة الفعالة لقواعد بيانات أوراكل ذات الاداء الجيد / _cكيفن لونى |
| 700 | 1 | _aمارلين ثريولت | |
| 260 |
_aالقاهرة : _bدار الفاروق للنشر والتوزيع ، _c2000 |
||
| 300 |
_a1184 ص ؛ _c25 سم |
||
| 490 |
_aسلسلة المساحة الهندسية _v0 |
||
| 650 | 0 | 4 | _aنظم المعلومات |
| 650 | 0 | 4 | _aاختزان واسترجاع المعلومات |
| 650 | 0 | 4 | _aاوراكل |
| 650 | 0 | 4 | _aالبيانات (حاسبات الكترونية) |
| 650 | 0 | 4 | _aالبيانات - بناء - (حاسبات الكترونية) |
| 942 |
_2ddc _cBK |
||
| 999 |
_c27590 _d27590 |
||